000 00291nam a22001217a 4500
003 OSt
008 150406b xxu||||| |||| 00| 0 eng d
041 _aeng
245 1 0 _aPhotographic History of the Civil War
260 _bBlue & Grey Press
300 _a0 pages
700 1 _aLanier, Henry Wysham
999 _c1172
_d1172